| 000 | 01394cam a22003497a 4500 | ||
|---|---|---|---|
| 001 | 13722050 | ||
| 003 | OSt | ||
| 005 | 20150408113925.0 | ||
| 008 | 040916s2004 caua 000 0 eng d | ||
| 010 | _a 2004558405 | ||
| 020 | _a1578202450 (pbk. ) | ||
| 035 | _a(OCoLC)ocm59284770 | ||
| 040 |
_aCNU _cCNU _dDLC |
||
| 042 | _alccopycat | ||
| 050 | 0 | 0 |
_aTK6680.5 _b.E23 2004 |
| 082 | _221 | ||
| 100 | 1 |
_aEagle, Douglas Spotted. _94791 |
|
| 245 | 1 | 0 |
_aInstant Encore 1.5 / _cDouglas Spotted Eagle. |
| 246 | 3 | 0 | _aEncore 1.5 |
| 246 | 1 |
_iTitle on cover: _aInstant Encore DVD 1.5 : _bvideo, audio, surround, streaming |
|
| 260 |
_aSan Francisco, CA : _bCMP Books ; _aBerkeley, CA : _bDistributed in the U.S. by Publishers Group West, _cc2004. |
||
| 300 |
_ax, 226 p. : _bill. ; _c19 x 24 cm. |
||
| 630 | 0 | 0 |
_aEncore (Computer file) _94792 |
| 650 | 0 |
_aDVDs. _94793 |
|
| 650 | 0 |
_aDigital video. _94794 |
|
| 650 | 0 |
_aDVD-Video discs _xAuthoring programs. _94795 |
|
| 650 | 0 |
_aInteractive multimedia _xAuthoring programs. _94796 |
|
| 856 | 4 | 2 |
_3Publisher description _uhttp://www.loc.gov/catdir/enhancements/fy0703/2004558405-d.html |
| 906 |
_a7 _bcbc _ccopycat _d2 _encip _f20 _gy-gencatlg |
||
| 942 |
_2ddc _cBOOK |
||
| 999 |
_c15276 _d249776 |
||